000 02062nam a2200313Ia 4500
999 _c56517
_d56517
001 23631
003 GE_BSU
005 20260302162925.0
008 181216s2004||||ge |||||||||||||| ||geo||
020 _a99940-12-08-8 (99940-12-49-5)
040 _cGE_BSU
041 _ageo
080 _a94(100)"04/14"(075.8) შ-93
245 _aშუა საუკუნეების ისტორია. ტ. 1 :
_bსახელმძღვანელო /
_cა.დ. უდალცოვის, ე.ა. კოსმინსკის და ო.ლ. ვაინშტეინის რედ. ; სსრკ მეცნ. აკად., ისტორიის ინ-ტი.
250 _aთარგმ. მე-2 რუს. გამოც.
264 _aთბილისი :
_bთბილ. უნ-ტის გამ-ბა,
_c2004.
300 _a509 გვ. ;
_c20 სმ.
_eრუკების სია, გვ. 587
500 _aდანართი: ქრონოლოგიური სია, გვ. 575-84. რუკების სია, გვ. 587
504 _aბიბლიოგრაფია: ლიტ-რა ყოველი თავის ბოლოს
541 _h12 ლ.
653 _aშუა საუკუნეების ისტორია. ტ. 1
653 _aშუა საუკუნეების ისტორიის სახელმძღვანელოები უმაღლესი სასწავლებლებისათვის
653 _aთარგმანები ქართულ ენაზე
700 _aუდალცოვი, ა.დ.
_eრედაქტორი
_927031
700 _aკოსმინსკი, ე.ა.
_e რედაქტორი
_927032
700 _aვაინშტეინი, ო.ლ.
_eრედაქტორი
_927033
710 _aსსრკ მეცნიერებათა აკადემია
_bისტორიის ინსტიტუტი
_927034
942 _cBK
_2udc